000 00944cam a2200253 4500
001 A274
008 090401t1990 xxu||||| |||| 00| 0 eng d
035 _a(Sirsi) u95347
041 _aeng
110 _aRoyal Institution of Chartered Surveyors
_94900
245 _aStructural warranty services in relation to new homes : monopoly inquiry
260 _bRICS
_c1990
300 _a4p
350 _a0
490 _aRICS Memorandum
_vGCPPA/Report(90)24
520 _aSets out the RICS view on the referral by the Director of Fair Trading to the Monopolies and Mergers Commission the matter of the existence or possible existence of a monopoly situation in relation to the supply within the UK of structural warranty services in relation to new homes.
650 _aBUILDMARK
650 _aFOUNDATION 15
650 _aSTRUCTURAL WARRANTIES
650 _aWARRANTIES
690 _aBUILT ENVIRONMENT
942 _n0
948 _c04/03/1997
999 _c98438
_d98438